[Event "Kazan BRICS Games Blitz Team"]
[Site "Kazan"]
[Date "2024.06.21"]
[Round "9.7"]
[White "Nasriddinzoda, Marvorii"]
[Black "Guo, Qi"]
[Result "0-1"]
[WhiteElo "2066"]
[BlackElo "2362"]
[PlyCount "92"]
[EventDate "2024.06.21"]
[EventType "team-swiss (blitz)"]
[EventRounds "11"]
[EventCountry "RUS"]
[SourceTitle "CBM 220 Extra"]
[Source "ChessBase"]
[SourceDate "2024.07.31"]
[SourceVersion "1"]
[SourceVersionDate "2024.07.31"]
[SourceQuality "1"]
[WhiteTeam "Tajikistan"]
[BlackTeam "China"]
[WhiteTeamCountry "TJK"]
[BlackTeamCountry "CHN"]

1. b3 d5 2. Bb2 c5 3. g3 Nf6 4. Bg2 g6 5. e3 Bg7 6. Ne2 0-0 7. h3 Nc6 8. d3 e5 9. Nd2 Be6 10. 0-0 Qd7 11. Kh2 b5 12. a3 d4 13. e4 Nh5 14. Nf3 h6 15. Bc1 f5 16. exf5 gxf5 17. a4 bxa4 18. Rxa4 Bd5 19. Bd2 e4 20. dxe4 fxe4 21. Nh4 Rae8 22. Nf4 Nxf4 23. Bxf4 Kh7 24. Qh5 Qf7 25. Qxf7 Rxf7 26. Bd6 Bf8 27. Bxf8 Rexf8 28. Ra5 Nxa5 29. Kg1 Nc6 30. g4 Nb4 31. Nf5 Rxf5 32. gxf5 Rxf5 33. Rc1 Rg5 34. Kf1 e3 35. Bxd5 Nxd5 36. fxe3 Nxe3+ 37. Ke2 Rh5 38. c3 Rxh3 39. cxd4 cxd4 40. Rc7+ Kg6 41. Rxa7 Nd5 42. Ra6+ Kf5 43. Rd6 Ke5 44. Ra6 h5 45. Ra5 Ke4 46. Ke1 Ke5 0-1

[Event "Kazan BRICS Games Blitz Team"]
[Site "Kazan"]
[Date "2024.06.21"]
[Round "4.3"]
[White "Nasriddinzoda, Marvorii"]
[Black "Haile, Lidet Abate"]
[Result "0-1"]
[WhiteElo "2066"]
[BlackElo "1834"]
[PlyCount "120"]
[EventDate "2024.06.21"]
[EventType "team-swiss (blitz)"]
[EventRounds "11"]
[EventCountry "RUS"]
[SourceTitle "CBM 220 Extra"]
[Source "ChessBase"]
[SourceDate "2024.07.31"]
[SourceVersion "1"]
[SourceVersionDate "2024.07.31"]
[SourceQuality "1"]
[WhiteTeam "Tajikistan"]
[BlackTeam "Ethiopia"]
[WhiteTeamCountry "TJK"]
[BlackTeamCountry "ETH"]

1. g3 e5 2. Bg2 d5 3. b3 Nc6 4. Bb2 Be6 5. e3 Nf6 6. d3 Bd6 7. Nd2 a6 8. Ne2 0-0 9. 0-0 Qd7 10. a3 Rfe8 11. Rc1 Bh3 12. e4 d4 13. Nf3 Bxg2 14. Kxg2 Qe7 15. b4 Rad8 16. Nh4 Qe6 17. Nf5 Ne7 18. Nxe7+ Qxe7 19. f4 b6 20. fxe5 Bxe5 21. Nf4 c5 22. bxc5 bxc5 23. Qf3 Rb8 24. Rb1 Qd7 25. Ne2 Rb7 26. Nf4 Reb8 27. Bxd4 Bxd4 28. Rxb7 Qxb7 29. Ne2 Be5 30. c3 Qb2 31. Qf2 Qxa3 32. d4 cxd4 33. cxd4 Qe7 34. dxe5 Qxe5 35. Qf4 Qxf4 36. Rxf4 Rb4 37. e5 Rxf4 38. gxf4 Nd5 39. Kf3 Kf8 40. Nd4 a5 41. Ke4 Nc3+ 42. Kd3 Nd5 43. Ke4 Ne7 44. f5 a4 45. Nb5 Ke8 46. f6 gxf6 47. exf6 Ng6 48. Kf5 Kd7 49. Kg5 Ke6 50. h4 Ne5 51. Nd4+ Kd5 52. Nc2 Ke6 53. Nd4+ Kd7 54. Nc2 Kd6 55. Kf5 Nd3 56. Kg5 Ke5 57. Kh6 Kxf6 58. Kxh7 Ne5 59. h5 Ke6 60. Kg7 f5 0-1

[Event "Kazan BRICS Games Blitz Team"]
[Site "Kazan"]
[Date "2024.06.21"]
[Round "10.7"]
[White "Nasriddinzoda, Marvorii"]
[Black "Nepando, Jolly"]
[Result "1-0"]
[WhiteElo "2066"]
[BlackElo "1642"]
[PlyCount "91"]
[EventDate "2024.06.21"]
[EventType "team-swiss (blitz)"]
[EventRounds "11"]
[EventCountry "RUS"]
[SourceTitle "CBM 220 Extra"]
[Source "ChessBase"]
[SourceDate "2024.07.31"]
[SourceVersion "1"]
[SourceVersionDate "2024.07.31"]
[SourceQuality "1"]
[WhiteTeam "Tajikistan"]
[BlackTeam "Namibia"]
[WhiteTeamCountry "TJK"]
[BlackTeamCountry "NAM"]

1. b3 e5 2. Bb2 Nc6 3. g3 d5 4. Bg2 Bd6 5. e3 Nf6 6. Ne2 Be6 7. h3 Qd7 8. a3 0-0 9. d3 Rfe8 10. Nd2 Rad8 11. Nf3 e4 12. Ng5 exd3 13. cxd3 Be5 14. d4 Bd6 15. Nxe6 Qxe6 16. 0-0 Ne4 17. b4 Ne7 18. Rc1 c6 19. Qd3 f5 20. Rfd1 Ng6 21. b5 Rc8 22. bxc6 bxc6 23. Nf4 Nxf4 24. exf4 g6 25. Qa6 Rc7 26. Bc3 Nxc3 27. Rxc3 Qe2 28. Rdc1 Qd2 29. Rxc6 Rec8 30. Rxc7 Rxc7 31. Rxc7 Bxc7 32. Qc8+ Kg7 33. Qxc7+ Kf6 34. Qd6+ Kf7 35. Bxd5+ Ke8 36. Qe6+ Kd8 37. Qg8+ Kc7 38. Qxh7+ Kb6 39. Qxg6+ Kc7 40. Qc6+ Kd8 41. Qa8+ Kc7 42. Qxa7+ Kd8 43. Qb6+ Ke7 44. Qb4+ Kd8 45. Qxd2 Kc7 46. Qa5+ 1-0

[Event "Kazan BRICS Games Rapid Team"]
[Site "Kazan"]
[Date "2024.06.20"]
[Round "4.15"]
[White "Nasriddinzoda, Marvorii"]
[Black "Ampaire, Shakira"]
[Result "1-0"]
[WhiteElo "2066"]
[BlackElo "1839"]
[PlyCount "61"]
[EventDate "2024.06.20"]
[EventType "team-swiss (rapid)"]
[EventRounds "9"]
[EventCountry "RUS"]
[SourceTitle "CBM 220 Extra"]
[Source "ChessBase"]
[SourceDate "2024.07.31"]
[SourceVersion "1"]
[SourceVersionDate "2024.07.31"]
[SourceQuality "1"]
[WhiteTeam "Tajikistan"]
[BlackTeam "Uganda"]
[WhiteTeamCountry "TJK"]
[BlackTeamCountry "UGA"]

1. Nf3 Nf6 2. g3 g6 3. Bg2 Bg7 4. 0-0 0-0 5. d3 c5 6. c3 d5 7. Nbd2 Nc6 8. Qc2 e5 9. e4 d4 10. cxd4 cxd4 11. Nc4 Re8 12. a4 Bg4 13. Bd2 Qd7 14. b4 Bxf3 15. Bxf3 Rac8 16. Qb3 b6 17. Rfc1 Qh3 18. Nd6 Red8 19. Nxf7 Kf8 20. Nxd8 Nxd8 21. Rxc8 Qxc8 22. Rc1 Qd7 23. b5 Ke8 24. Qc4 Bf8 25. Bg5 Be7 26. Bxf6 Bxf6 27. Qg8+ Ke7 28. Qxh7+ Nf7 29. Qxg6 Qd6 30. Rc6 Qa3 31. Qxf6+ 1-0

[Event "Kazan BRICS Games Rapid Team"]
[Site "Kazan"]
[Date "2024.06.20"]
[Round "3.11"]
[White "Nasriddinzoda, Marvorii"]
[Black "Zeliantsova, Kseniya"]
[Result "0-1"]
[WhiteElo "2066"]
[BlackElo "1962"]
[PlyCount "106"]
[EventDate "2024.06.20"]
[EventType "team-swiss (rapid)"]
[EventRounds "9"]
[EventCountry "RUS"]
[SourceTitle "CBM 220 Extra"]
[Source "ChessBase"]
[SourceDate "2024.07.31"]
[SourceVersion "1"]
[SourceVersionDate "2024.07.31"]
[SourceQuality "1"]
[WhiteTeam "Tajikistan"]
[BlackTeam "Belarus"]
[WhiteTeamCountry "TJK"]
[BlackTeamCountry "BLR"]

1. d4 Nf6 2. Nf3 g6 3. Bf4 Bg7 4. h3 d6 5. e3 0-0 6. Bd3 Nc6 7. c3 Nd7 8. Nbd2 e5 9. Bg5 Qe8 10. 0-0 f5 11. Bc4+ Kh8 12. dxe5 dxe5 13. e4 f4 14. a4 Nb6 15. Bb3 Be6 16. a5 Nd7 17. a6 Bxb3 18. Qxb3 bxa6 19. Qd5 Nb6 20. Qb3 h6 21. Bh4 g5 22. Bxg5 hxg5 23. Nxg5 a5 24. Ndf3 a4 25. Qa2 Qg6 26. Rad1 Nd8 27. Rd2 Nf7 28. Ne6 Rg8 29. Nh4 Qh5 30. Nf5 Bf6 31. Kh1 f3 32. Ng3 fxg2+ 33. Kxg2 Qh6 34. Nxc7 Raf8 35. Ne6 Qxd2 36. Nxf8 Rxf8 37. Qe6 Qh6 38. Rg1 Ng5 39. Qg4 Qxh3+ 40. Qxh3+ Nxh3 41. Kxh3 Nc4 42. Rb1 Kg7 43. Nf5+ Kf7 44. b4 a3 45. Ra1 Rd8 46. Kg3 Rd3+ 47. f3 Rxc3 48. Ra2 Be7 49. b5 Rb3 50. Rc2 Ne3 51. Nxe3 Rxe3 52. Rc7 a2 53. Rxa7 Ra3 0-1

[Event "Olympiad Women-43"]
[Site "Batumi"]
[Date "2018.09.26"]
[Round "3.46"]
[White "Nasriddinzoda, Marvorii"]
[Black "Gray, Krishna"]
[Result "1-0"]
[WhiteElo "2090"]
[BlackElo "1693"]
[PlyCount "63"]
[EventDate "2018.09.24"]
[EventType "team-swiss"]
[EventRounds "11"]
[EventCountry "GEO"]
[SourceTitle "EXT 2020"]
[Source "ChessBase"]
[SourceDate "2019.10.17"]
[SourceVersion "1"]
[SourceVersionDate "2019.10.17"]
[SourceQuality "1"]
[WhiteTeam "Tajikistan (W)"]
[BlackTeam "Jamaica (W)"]
[WhiteTeamCountry "TJK"]
[BlackTeamCountry "JAM"]

1. d4 d5 2. c4 c6 3. cxd5 cxd5 4. Nc3 Nf6 5. Bf4 Nc6 6. e3 Bf5 7. Qb3 Qd7 8. Nf3 e6 9. Ne5 Qc8 10. Bb5 a6 11. Bxc6+ bxc6 12. Qa4 Rb8 13. Nxc6 Rxb2 14. Rc1 Nd7 15. Ne5 Bb4 16. 0-0 Ke7 17. Nxd5+ exd5 18. Rxc8 Rxc8 19. Nc6+ Rxc6 20. Qxc6 Rxa2 21. Qxd5 Be6 22. Qg5+ Nf6 23. Rc1 Kf8 24. Qe5 a5 25. Qb8+ Ke7 26. h3 h6 27. e4 g5 28. Bc7 Ne8 29. d5 Nxc7 30. Rxc7+ Bd7 31. e5 Re2 32. Rxd7+ 1-0

[Event "Olympiad Women-43"]
[Site "Batumi"]
[Date "2018.09.24"]
[Round "1.3"]
[White "Nasriddinzoda, Marvorii"]
[Black "Shen, Yang"]
[Result "0-1"]
[WhiteElo "2090"]
[BlackElo "2464"]
[PlyCount "64"]
[EventDate "2018.09.24"]
[EventType "team-swiss"]
[EventRounds "11"]
[EventCountry "GEO"]
[SourceTitle "EXT 2020"]
[Source "ChessBase"]
[SourceDate "2019.10.17"]
[SourceVersion "1"]
[SourceVersionDate "2019.10.17"]
[SourceQuality "1"]
[WhiteTeam "Tajikistan (W)"]
[BlackTeam "China (W)"]
[WhiteTeamCountry "TJK"]
[BlackTeamCountry "CHN"]

1. d4 d5 2. c4 e6 3. Nc3 c6 4. cxd5 exd5 5. Qc2 Bd6 6. Nf3 h6 7. e3 Nf6 8. Bd3 Qe7 9. h3 Nbd7 10. a3 a5 11. Bd2 0-0 12. Nh4 Nb6 13. Nf5 Bxf5 14. Bxf5 Nc4 15. Bd3 b5 16. 0-0 Rab8 17. Rfe1 Nxd2 18. Qxd2 Rfd8 19. Rec1 Rb6 20. Nd1 Qa7 21. b3 Ra8 22. Rc2 Qe7 23. Qc1 Rc8 24. Nc3 Rcb8 25. Nb1 Qe8 26. Nd2 g6 27. Qb2 Qe7 28. Qc1 Kg7 29. Nb1 Qe6 30. Nd2 h5 31. Kf1 Qe7 32. Nf3 Qe8 0-1

[Event "Olympiad Women-42"]
[Site "Baku"]
[Date "2016.09.10"]
[Round "8.2"]
[White "Vangsgaard, Freja"]
[Black "Nasriddinzoda, Marvorii"]
[Result "0-1"]
[WhiteElo "1983"]
[BlackElo "2073"]
[PlyCount "76"]
[EventDate "2016.09.02"]
[EventType "team-swiss"]
[EventRounds "11"]
[EventCountry "AZE"]
[SourceTitle "CBM 174 Extra"]
[Source "ChessBase"]
[SourceDate "2016.10.10"]
[SourceVersion "1"]
[SourceVersionDate "2016.10.10"]
[SourceQuality "1"]
[WhiteTeam "Denmark (W)"]
[BlackTeam "Tajikistan (W)"]
[WhiteTeamCountry "DEN"]
[BlackTeamCountry "TJK"]

1. d4 Nf6 2. c4 e6 3. Nc3 d6 4. e4 Nbd7 5. Bd3 c5 6. d5 e5 7. Nge2 g6 8. 0-0 a6 9. a4 Bg7 10. Ng3 0-0 11. Bd2 h5 12. f3 Nh7 13. Qb1 a5 14. Nb5 Ndf6 15. f4 Ng4 16. h3 exf4 17. Nxh5 gxh5 18. hxg4 hxg4 19. Bxf4 Be5 20. Bxe5 dxe5 21. g3 Ra6 22. Kg2 Ng5 23. Rh1 Kg7 24. Qc1 Rg6 25. Qe3 b6 26. Raf1 Nh3 27. Re1 Rh8 28. Rh2 Rgh6 29. Reh1 Qf6 30. Qe2 Ng5 31. Rxh6 Rxh6 32. Rxh6 Qxh6 33. Qf1 Nf3 34. Qh1 Qd2+ 35. Kf1 Qxd3+ 36. Kf2 Qd2+ 37. Kf1 Qe1+ 38. Kg2 Qe2# 0-1

[Event "Olympiad Women-42"]
[Site "Baku"]
[Date "2016.09.02"]
[Round "1.7"]
[White "Paikidze, Nazi"]
[Black "Nasriddinzoda, Marvorii"]
[Result "1-0"]
[WhiteElo "2366"]
[BlackElo "2073"]
[PlyCount "109"]
[EventDate "2016.09.02"]
[EventType "team-swiss"]
[EventRounds "11"]
[EventCountry "AZE"]
[SourceTitle "CBM 174 Extra"]
[Source "ChessBase"]
[SourceDate "2016.10.10"]
[SourceVersion "1"]
[SourceVersionDate "2016.10.10"]
[SourceQuality "1"]
[WhiteTeam "United States (W)"]
[BlackTeam "Tajikistan (W)"]
[WhiteTeamCountry "USA"]
[BlackTeamCountry "TJK"]

1. d4 Nf6 2. c4 e6 3. g3 d5 4. Nf3 Be7 5. Bg2 0-0 6. 0-0 dxc4 7. Qc2 a6 8. a4 b6 9. Qxc4 Bb7 10. Bf4 Bd6 11. Bg5 Nbd7 12. Nc3 h6 13. Bxf6 Nxf6 14. Ne5 Bxg2 15. Kxg2 c5 16. Nf3 Qc7 17. dxc5 Qxc5 18. Qa2 Qc6 19. Rac1 Qb7 20. Qb3 Rfd8 21. Rfd1 Bc5 22. h3 Rac8 23. Rxd8+ Rxd8 24. Qc4 Rd4 25. Qb3 Rd7 26. Qc2 e5 27. Qf5 e4 28. Ne5 e3+ 29. f3 Rd2 30. Nc4 Nd5 31. Nxd5 Qxd5 32. Qxd5 Rxd5 33. f4 b5 34. axb5 axb5 35. Ne5 f6 36. Nd3 Bd4 37. Kf3 f5 38. g4 g6 39. Rc7 Kf8 40. b3 Kg8 41. Nb4 Rd6 42. gxf5 gxf5 43. Nc6 Bb6 44. Ne7+ Kf8 45. Rb7 Re6 46. Nxf5 b4 47. Ng3 Bc5 48. Ne4 Be7 49. Kxe3 Kf7 50. f5 Ra6 51. f6 Rxf6 52. Nxf6 Kxf6 53. Kd4 Ke6 54. Rb6+ Bd6 55. e4 1-0

[Event "Olympiad Women-41"]
[Site "Tromsoe"]
[Date "2014.08.14"]
[Round "11.1"]
[White "Ramirez, Maria Eugenia"]
[Black "Nasriddinzoda, Marvorii"]
[Result "1/2-1/2"]
[WhiteElo "1994"]
[BlackElo "2021"]
[PlyCount "99"]
[EventDate "2014.08.02"]
[EventType "team-swiss"]
[EventRounds "11"]
[EventCountry "NOR"]
[SourceTitle "CBM 162"]
[Source "ChessBase"]
[SourceDate "2014.09.17"]
[SourceVersion "1"]
[SourceVersionDate "2014.09.17"]
[SourceQuality "1"]
[WhiteTeam "Bolivia (W)"]
[BlackTeam "Tajikistan (W)"]
[WhiteTeamCountry "BOL"]
[BlackTeamCountry "TJK"]

1. e4 d6 2. d4 Nf6 3. Nc3 e5 4. dxe5 dxe5 5. Qxd8+ Kxd8 6. Bg5 c6 7. 0-0-0+ Ke8 8. f4 h6 9. Bxf6 gxf6 10. f5 Nd7 11. Nf3 h5 12. g3 b5 13. a3 a5 14. Nd2 b4 15. Ncb1 Nc5 16. Bd3 Bh6 17. b3 a4 18. bxa4 Rxa4 19. Kb2 bxa3+ 20. Nxa3 Bxd2 21. Rxd2 Nxe4 22. Bxe4 Rxe4 23. Rd6 Bxf5 24. Rxc6 Be6 25. Rd1 h4 26. Rb6 Kf8 27. Nb5 Kg7 28. Nc7 Bg4 29. Rdd6 hxg3 30. hxg3 f5 31. Nd5 Re2 32. Nc3 Rg2 33. Rb5 Re8 34. Rd3 e4 35. Re3 Rf2 36. Nxe4 Rxe4 37. Rxe4 fxe4 38. Rg5+ Kf6 39. Rxg4 Ke5 40. Kc3 Rf3+ 41. Kc4 Rf2 42. Kc3 f6 43. Rg8 Kf5 44. Rg7 Rg2 45. Rg8 Rh2 46. Rg7 Rf2 47. Rg8 Rg2 48. Rg7 Ke5 49. Re7+ Kf5 50. Rg7 1/2-1/2

[Event "Olympiad Women-41"]
[Site "Tromsoe"]
[Date "2014.08.09"]
[Round "7.1"]
[White "Nasriddinzoda, Marvorii"]
[Black "De Blecourt, Sandra"]
[Result "1/2-1/2"]
[WhiteElo "2021"]
[BlackElo "2122"]
[PlyCount "115"]
[EventDate "2014.08.02"]
[EventType "team-swiss"]
[EventRounds "11"]
[EventCountry "NOR"]
[SourceTitle "CBM 162"]
[Source "ChessBase"]
[SourceDate "2014.09.17"]
[SourceVersion "1"]
[SourceVersionDate "2014.09.17"]
[SourceQuality "1"]
[WhiteTeam "Tajikistan (W)"]
[BlackTeam "Denmark (W)"]
[WhiteTeamCountry "TJK"]
[BlackTeamCountry "DEN"]

1. Nf3 d5 2. g3 Nf6 3. Bg2 c6 4. b3 Bg4 5. Bb2 Nbd7 6. d3 e6 7. Nbd2 Bd6 8. 0-0 0-0 9. a3 a5 10. Qe1 Re8 11. e4 e5 12. h3 Bh5 13. Nh4 Nc5 14. Kh1 Bc7 15. Nf5 Bg6 16. Qe2 dxe4 17. dxe4 Ncxe4 18. Nh6+ gxh6 19. Nxe4 Nxe4 20. Bxe4 Qd7 21. Bg2 Qf5 22. Rac1 Rad8 23. b4 Rd7 24. b5 Red8 25. Bc3 cxb5 26. Qxb5 b6 27. Kg1 h5 28. Rfe1 h4 29. gxh4 f6 30. Qc4+ Kh8 31. Qg4 h5 32. Qxf5 Bxf5 33. f4 Rg7 34. Kf2 Kh7 35. Bf3 exf4 36. Bxf6 Rd2+ 37. Re2 Rxe2+ 38. Kxe2 Rf7 39. Bg5 Bg6 40. Bd5 Rf5 41. c4 Bd6 42. a4 Re5+ 43. Kf2 Re3 44. Bf3 Rd3 45. Rd1 Bc5+ 46. Kg2 Rxd1 47. Bxd1 Be4+ 48. Bf3 Bc2 49. Bc6 Be3 50. Kf3 Bd1+ 51. Ke4 Bc2+ 52. Ke5 Kg7 53. Be8 Kf8 54. Bc6 Kf7 55. Bd5+ Ke8 56. Bc6+ Kf7 57. Bd5+ Ke8 58. Bc6+ 1/2-1/2

[Event "Olympiad Women-41"]
[Site "Tromsoe"]
[Date "2014.08.08"]
[Round "6.1"]
[White "Daulyte Cornette, Deimante"]
[Black "Nasriddinzoda, Marvorii"]
[Result "0-1"]
[WhiteElo "2386"]
[BlackElo "2021"]
[PlyCount "140"]
[EventDate "2014.08.02"]
[EventType "team-swiss"]
[EventRounds "11"]
[EventCountry "NOR"]
[SourceTitle "CBM 162"]
[Source "ChessBase"]
[SourceDate "2014.09.17"]
[SourceVersion "1"]
[SourceVersionDate "2014.09.17"]
[SourceQuality "1"]
[WhiteTeam "Lithuania (W)"]
[BlackTeam "Tajikistan (W)"]
[WhiteTeamCountry "LTU"]
[BlackTeamCountry "TJK"]

1. e4 c5 2. Nf3 e6 3. d4 cxd4 4. Nxd4 a6 5. Nc3 Qc7 6. Bd3 Nf6 7. 0-0 d6 8. a4 Be7 9. Kh1 0-0 10. f4 Re8 11. Qe1 Nbd7 12. Bd2 b6 13. b4 Bb7 14. Qg3 d5 15. e5 Ne4 16. Qh3 g6 17. Bxe4 dxe4 18. Nce2 Qc4 19. Rab1 b5 20. a5 Rac8 21. Qe3 Red8 22. Rfd1 Nb8 23. c3 Nd7 24. Ng3 f5 25. Nf1 Bd5 26. Qh3 Nf8 27. Ne3 Qc7 28. g4 Kh8 29. Rg1 Qd7 30. Qh6 fxg4 31. Rxg4 Qe8 32. Nxd5 Rxd5 33. Qh3 Rc4 34. Nb3 Qd7 35. Qe3 Rd3 36. Qe1 e3 37. Bxe3 Rcxc3 38. Bc5 Rxb3 39. Rxb3 Rd1 40. Rb1 Rxe1+ 41. Rxe1 Bxc5 42. bxc5 Qd5+ 43. Rg2 Qxc5 44. h4 Qb4 45. Rf1 Qxa5 46. Rc1 Qa3 47. Rc8 Qh3+ 48. Kg1 Kg8 49. Rf2 Qxh4 50. Ra8 Qg3+ 51. Kf1 Qd3+ 52. Kg1 b4 53. f5 Qg3+ 54. Kf1 Qxe5 55. fxg6 hxg6 56. Raxf8+ Kg7 57. R8f7+ Kh6 58. Re2 Qd6 59. Kg1 Qd1+ 60. Kf2 b3 61. Ke3 Qd6 62. Re1 Qe5+ 63. Kf2 Qh2+ 64. Ke3 a5 65. Rff1 Qe5+ 66. Kd3 Qd5+ 67. Kc3 a4 68. Ra1 Qc5+ 69. Kb2 Qc2+ 70. Ka3 b2 0-1

[Event "Olympiad Women-41"]
[Site "Tromsoe"]
[Date "2014.08.06"]
[Round "5.1"]
[White "Nasriddinzoda, Marvorii"]
[Black "Abarca Gonzalez, Damaris"]
[Result "1-0"]
[WhiteElo "2021"]
[BlackElo "2049"]
[PlyCount "99"]
[EventDate "2014.08.02"]
[EventType "team-swiss"]
[EventRounds "11"]
[EventCountry "NOR"]
[SourceTitle "CBM 162"]
[Source "ChessBase"]
[SourceDate "2014.09.17"]
[SourceVersion "1"]
[SourceVersionDate "2014.09.17"]
[SourceQuality "1"]
[WhiteTeam "Tajikistan (W)"]
[BlackTeam "Chile (W)"]
[WhiteTeamCountry "TJK"]
[BlackTeamCountry "CHI"]

1. Nf3 c5 2. g3 g6 3. Bg2 Bg7 4. 0-0 Nc6 5. d3 d5 6. Nbd2 e6 7. e4 Nge7 8. Kh1 b6 9. Qe2 a5 10. Re1 dxe4 11. Nxe4 h6 12. a4 0-0 13. Bd2 Ra7 14. Nc3 Nf5 15. Nb5 Ncd4 16. Nfxd4 Nxd4 17. Nxd4 cxd4 18. Bf4 Re8 19. Be5 f6 20. Bf4 Kf7 21. Kg1 Bf8 22. c4 dxc3 23. bxc3 e5 24. Be3 Re6 25. Rab1 Bb7 26. Bxb7 Rxb7 27. Rb5 Rd7 28. Qa2 Rdd6 29. d4 exd4 30. Bxd4 Rd5 31. Rxe6 Kxe6 32. Rxb6+ Bd6 33. Rb5 Be5 34. Bb6 Qd7 35. Bxa5 h5 36. Bb4 h4 37. gxh4 Bc7 38. Kg2 f5 39. h3 Ke5 40. Rxd5+ Qxd5+ 41. Qxd5+ Kxd5 42. Kf3 Ke5 43. a5 Kd5 44. Ke3 Bd8 45. h5 gxh5 46. Kf4 Ke6 47. c4 Bc7+ 48. Kg5 Ke5 49. a6 Bb8 50. Bc5 1-0

[Event "Olympiad Women-41"]
[Site "Tromsoe"]
[Date "2014.08.04"]
[Round "3.1"]
[White "Nasriddinzoda, Marvorii"]
[Black "Milovic, Aleksandra"]
[Result "0-1"]
[WhiteElo "2021"]
[BlackElo "2170"]
[PlyCount "80"]
[EventDate "2014.08.02"]
[EventType "team-swiss"]
[EventRounds "11"]
[EventCountry "NOR"]
[SourceTitle "CBM 162"]
[Source "ChessBase"]
[SourceDate "2014.09.17"]
[SourceVersion "1"]
[SourceVersionDate "2014.09.17"]
[SourceQuality "1"]
[WhiteTeam "Tajikistan (W)"]
[BlackTeam "Montenegro (W)"]
[WhiteTeamCountry "TJK"]
[BlackTeamCountry "MNE"]

1. e4 d5 2. d3 dxe4 3. dxe4 Qxd1+ 4. Kxd1 Nc6 5. c3 a6 6. f3 e5 7. Be3 Be6 8. Nd2 0-0-0 9. Kc2 f5 10. Nh3 h6 11. Bc4 Rxd2+ 12. Bxd2 Bxc4 13. exf5 Bc5 14. b3 Bf7 15. Rae1 Nge7 16. g4 Bd5 17. Rhf1 h5 18. f6 gxf6 19. g5 f5 20. Be3 Bxe3 21. Rxe3 f4 22. Ree1 Nf5 23. Kb2 Ne3 24. Rf2 Rg8 25. Ng1 Rxg5 26. c4 Be6 27. a3 h4 28. Kc3 Rg8 29. Rd2 Nd4 30. Rf2 c5 31. Kb2 Kc7 32. Ne2 Nxe2 33. Rfxe2 h3 34. Kc3 Bf7 35. Kd2 Bh5 36. Rf2 Rg2 37. Ree2 e4 38. fxe4 Bxe2 39. Kxe2 Kd6 40. Kf3 Ke5 0-1

[Event "Olympiad Women-41"]
[Site "Tromsoe"]
[Date "2014.08.02"]
[Round "1.1"]
[White "Peng, Zhaoqin"]
[Black "Nasriddinzoda, Marvorii"]
[Result "1-0"]
[WhiteElo "2391"]
[BlackElo "2021"]
[PlyCount "103"]
[EventDate "2014.08.02"]
[EventType "team-swiss"]
[EventRounds "11"]
[EventCountry "NOR"]
[SourceTitle "CBM 162"]
[Source "ChessBase"]
[SourceDate "2014.09.17"]
[SourceVersion "1"]
[SourceVersionDate "2014.09.17"]
[SourceQuality "1"]
[WhiteTeam "Netherlands (W)"]
[BlackTeam "Tajikistan (W)"]
[WhiteTeamCountry "NED"]
[BlackTeamCountry "TJK"]

1. d4 Nf6 2. c4 e6 3. Nc3 Bb4 4. e3 b6 5. Nge2 Bb7 6. a3 Be7 7. d5 e5 8. g3 d6 9. Bg2 Nbd7 10. 0-0 0-0 11. h3 Ne8 12. b4 g6 13. Rb1 Ng7 14. e4 a5 15. Nb5 axb4 16. axb4 f5 17. exf5 gxf5 18. Bh6 Ba6 19. Nec3 Bf6 20. Qc2 Rf7 21. Ra1 e4 22. Rfd1 Ne5 23. Qb3 Kh8 24. Ra2 Bxb5 25. Nxb5 Rxa2 26. Qxa2 Qg8 27. Qe2 Qa8 28. Kh2 Nd3 29. f3 Be5 30. f4 Bf6 31. Rxd3 exd3 32. Qxd3 Qa1 33. h4 Qe1 34. Bg5 Bxg5 35. hxg5 Re7 36. Qf1 Qxb4 37. Nd4 Re1 38. Qf2 Re8 39. Qc2 Qe1 40. Bf3 Re3 41. Kg2 Ra3 42. Qe2 Qa1 43. Nc2 Qb2 44. Nxa3 Qxa3 45. Qe7 Kg8 46. Qd8+ Kf7 47. Qxc7+ Kf8 48. Qxb6 Qc5 49. Qxc5 dxc5 50. g4 fxg4 51. Bxg4 Ne8 52. Be2 1-0

[Event "Central Asia Cup 3rd"]
[Site "Dushanbe"]
[Date "2013.10.19"]
[Round "8"]
[White "Nasriddinzoda, Marvorii"]
[Black "Ismailov, Timur"]
[Result "1/2-1/2"]
[WhiteElo "2031"]
[BlackElo "2027"]
[PlyCount "185"]
[EventDate "2013.10.12"]
[EventType "swiss"]
[EventRounds "9"]
[EventCountry "TJK"]
[SourceTitle "EXT 2014"]
[Source "ChessBase"]
[SourceDate "2013.11.20"]
[SourceVersion "1"]
[SourceVersionDate "2013.11.20"]
[SourceQuality "1"]

1. Nf3 d5 2. d4 c6 3. e3 Bg4 4. Be2 Nd7 5. 0-0 e6 6. c4 Bd6 7. Nc3 Ngf6 8. Qc2 0-0 9. b3 Bb8 10. Rd1 Qc7 11. g3 Nb6 12. Ne5 Bxe2 13. Qxe2 Nbd7 14. Nxd7 Qxd7 15. Bb2 Bc7 16. e4 Ba5 17. e5 Bxc3 18. Bxc3 Ne4 19. Bb2 f6 20. f3 Ng5 21. Ba3 Rfe8 22. Qe3 Nf7 23. Rac1 Rad8 24. Kg2 f5 25. Rc2 h6 26. Re2 Qc7 27. Qc3 Rd7 28. c5 Qd8 29. b4 a6 30. Bc1 g5 31. a4 Nh8 32. b5 axb5 33. axb5 Ng6 34. Ra2 Qe7 35. bxc6 bxc6 36. Ra6 Rc7 37. Bd2 Qh7 38. Rb1 f4 39. Rbb6 Rec8 40. Qc1 fxg3 41. hxg3 Ne7 42. Qc3 Qf5 43. Ra1 Kg7 44. Rba6 Rb7 45. Rb6 Rcb8 46. Qb4 Rxb6 47. cxb6 Ng6 48. Qb1 Qxb1 49. Rxb1 Rb7 50. Bb4 Kf7 51. Bc5 Ne7 52. Kh3 Ke8 53. Ra1 Nc8 54. Ra7 Rxb6 55. Bxb6 Nxb6 56. Rb7 Nd7 57. Rc7 c5 58. dxc5 Nxe5 59. Kg2 h5 60. Rh7 h4 61. gxh4 gxh4 62. f4 Nd3 63. c6 Kd8 64. Kf3 Nb4 65. Rxh4 Nxc6 66. Rh7 Ne7 67. Ke3 Kd7 68. Kd3 Kd6 69. Rh6 Nf5 70. Rh8 Ke7 71. Ra8 Kf6 72. Rf8+ Ke7 73. Ra8 Kf6 74. Rf8+ Ke7 75. Ra8 Nh4 76. Kd4 Kf7 77. Rb8 Kf6 78. Rf8+ Ke7 79. Ra8 Kf7 80. Rb8 Ke7 81. Ra8 Kf7 82. Rb8 Nf3+ 83. Ke3 Nh4 84. Kd4 Kf6 85. Rf8+ Kg7 86. Ra8 Nf3+ 87. Ke3 Nh4 88. Kd4 Kf7 89. Rb8 Ng6 90. f5 exf5 91. Kxd5 Kf6 92. Kd4 Ne7 93. Rf8+ 1/2-1/2

[Event "Central Asia Cup 3rd"]
[Site "Dushanbe"]
[Date "2013.10.18"]
[Round "7"]
[White "Okilov, Nematullo"]
[Black "Nasriddinzoda, Marvorii"]
[Result "0-1"]
[WhiteElo "2094"]
[BlackElo "2031"]
[PlyCount "116"]
[EventDate "2013.10.12"]
[EventType "swiss"]
[EventRounds "9"]
[EventCountry "TJK"]
[SourceTitle "EXT 2014"]
[Source "ChessBase"]
[SourceDate "2013.11.20"]
[SourceVersion "1"]
[SourceVersionDate "2013.11.20"]
[SourceQuality "1"]

1. d4 Nf6 2. c4 e6 3. Nf3 b6 4. Bf4 Bb7 5. e3 Be7 6. Bd3 d6 7. Nc3 Nbd7 8. e4 Nh5 9. Be3 c5 10. d5 e5 11. Qd2 h6 12. g3 a6 13. b3 Qc7 14. Be2 Nhf6 15. Nh4 h5 16. Bg5 0-0-0 17. a4 g6 18. Ra3 Rde8 19. Nf3 Nh7 20. Be3 f5 21. h4 Rhf8 22. a5 bxa5 23. Qa2 f4 24. Bd2 fxg3 25. fxg3 Rf7 26. Rxa5 Ref8 27. Rf1 Bd8 28. Ra4 Nb6 29. Rxa6 Bxa6 30. Qxa6+ Qb7 31. Qxb7+ Kxb7 32. Bh6 Rg8 33. Kd2 Bc7 34. Rb1 Rb8 35. Nb5 Ra8 36. Rb2 Kc8 37. Ke3 Ra1 38. Kd2 Nd7 39. Nc3 Ba5 40. Kd3 Bxc3 41. Kxc3 Ndf6 42. Kd3 Ng4 43. Bd2 Nhf6 44. Ng5 Nf2+ 45. Kc2 Rfa7 46. Bf3 N6g4 47. b4 cxb4 48. Rxb4 R7a2+ 49. Rb2 Ra4 50. Be2 Nf6 51. c5 dxc5 52. Nf7 N2xe4 53. Nxe5 Nxd5 54. Nxg6 Nxg3 55. Bf3 Nb4+ 56. Bxb4 Rxb4 57. Rxb4 cxb4 58. Nf4 Rf1 0-1